| 000 | 00422nam a2200157 i 4500 | ||
|---|---|---|---|
| 001 | 99178 | ||
| 003 | ES-MaACL | ||
| 005 | 20230906182444.0 | ||
| 007 | t| | ||
| 008 | 050902s1973 sp ||||1| spa d | ||
| 100 | 1 |
_aMartín, José Luis. _977322 |
|
| 245 | 1 | 3 |
_aEl sabor de la carne / _cJosé Luis Martín. |
| 260 |
_aMadrid : _bG. del Toro, _c1973. |
||
| 300 |
_a217 p. ; _c20 cm. |
||
| 852 |
_aES-MaACL _jC-52464 _bR.85843 |
||
| 999 |
_c99178 _d99178 |
||